00382pab a2200133 454500008004000000100001900040245008100059260000900140300001300149362001100162650002000173650002100193773003400214180718b2012 xxu||||| |||| 00| 0 eng d aShajahan, K.M. aThe European union regulation on IUU fishing: Impact on developing countries c2012 ap.81-88. a11 Aug aEuropean Unions aFishery products aEconomic and Political Weekly